Rinconete y Cortadillo (Record no. 43508)

MARC details
000 -LEADER
campo de control de longitud fija 01328nam a2200241 i 4500
001 - NÚMERO DE CONTROL
campo de control 43508
003 - IDENTIFICADOR DE NÚMERO DE CONTROL
campo de control ES-MaACL
005 - FECHA Y HORA DE LA ÚLTIMA TRANSACCIÓN
campo de control 20251114135835.0
007 - CAMPO FIJO DE DESCRIPCIÓN FÍSICA--INFORMACIÓN GENERAL
campo de control de longitud fija t|
008 - DATOS DE LONGITUD FIJA--INFORMACIÓN GENERAL
campo de control de longitud fija 030318s1916 sp f |||| | spa d
080 ## - NÚMERO DE LA CLASIFICACIÓN DECIMAL UNIVERSAL
Número de la Clasificación Decimal Universal 821.134.2-32"15"
100 1# - ENTRADA PRINCIPAL--NOMBRE DE PERSONA
Nombre de persona Cervantes Saavedra, Miguel de,
Fechas asociadas al nombre 1547-1616
9 (RLIN) 226514
245 10 - MENCIÓN DEL TÍTULO
Título Rinconete y Cortadillo
Resto del título : novela /
Mención de responsabilidad, etc. por Miguel de Cervantes Saavedra.
260 ## - PUBLICACIÓN, DISTRIBUCIÓN, ETC.
Lugar de publicación, distribución, etc. Madrid :
Nombre del editor, distribuidor, etc. Círculo de Bellas Artes, Sección de Arte Decorativo,
Fecha de publicación, distribución, etc. 1916 (
Fabricante A. de Ángel Alcoy)
300 ## - DESCRIPCIÓN FÍSICA
Extensión III, 96 h., [6] h. de lám. ;
Dimensiones 25 cm.
500 ## - NOTA GENERAL
Nota general Cada una de las hojas va rodeada de una orla ; con el último retr. de Cervantes y 5 láms. firmadas por Aspiazu, Díaz Huertas y Penagos.
530 ## - NOTA DISPONIBLE DE FORMULARIO FÍSICO ADICIONAL
Nota de formato físico adicional disponible Disponible en formato digital.
595 ## -
-- En preliminares: "Este libro fue editado por iniciativa de la Sección de Arte Decorativo del Círculo de Bellas Artes de Madrid, como homenaje a la gloriosa memoria de Miguel Cervantes Saavedra, y con motivo del tercer centenario de la muerte de tan preclaro ingenio"
700 1# - ENTRADA AGREGADA--NOMBRE PERSONAL
Nombre de persona Penagos, Rafael de,
Fechas asociadas al nombre 1889-1954
9 (RLIN) 90146
852 ## - LOCALIZACIÓN
Ubicación ES-MaACL
Número de control de estantería F-6728
Nota libre - Enc. cart. con adornos
856 ## - LOCALIZACIÓN Y ACCESO ELECTRÓNICOS
Identificador Uniforme de Recursos <a href="http://bibliotecavirtualmadrid.org/bvmadrid_publicacion/i18n/consulta/registro.cmd?id=3854">http://bibliotecavirtualmadrid.org/bvmadrid_publicacion/i18n/consulta/registro.cmd?id=3854</a>
Nota pública Biblioteca Digital de la Comunidad de Madrid
Holdings
Estatus retirado Estado de pérdida Estado de daño No para préstamo Colección Biblioteca de origen Biblioteca actual Ubicación en estantería Fecha de adquisición Fuente de adquisición Total de préstamos Signatura topográfica completa Código de barras Visto por última vez Precio de reemplazo Tipo de ítem Koha
        Colección digital Biblioteca del Ateneo de Madrid Biblioteca del Ateneo de Madrid Depósito 2 17/01/2008     F-6728 1045803 23/02/2023 23/02/2023 Libro impreso